| Tag |
First Indicator |
Second Indicator |
Subfields |
| LEADER |
00000cam a22000001a 4500 |
| 001 |
in00003371221 |
| 006 |
m d f |
| 007 |
cr bn mmmapmmp |
| 008 |
100616s1984 dcu o f000 0 eng d |
| 005 |
20260429191910.6 |
| 035 |
|
|
|a cis2007879517
|
| 040 |
|
|
|a ProQuest
|c ProQuest
|d UtOrBLW
|
| 043 |
|
|
|a n-us---
|
| 099 |
|
|
|a CRS-1984-GOV-0034
|
| 110 |
2 |
|
|a Library of Congress.
|b Congressional Research Service.
|
| 245 |
1 |
0 |
|a Usage of the Congressional Veto :
|b Approval and Disapproval Resolutions Introduced, Adopted, Rejected, or Not Acted Upon, 1932-1983.
|
| 264 |
|
1 |
|a [Place of publication not identified] :
|b [publisher not identified],
|c 1984.
|
| 300 |
|
|
|a 1 online resource.
|
| 336 |
|
|
|a text
|b txt
|2 rdacontent
|
| 337 |
|
|
|a computer
|b c
|2 rdamedia
|
| 338 |
|
|
|a online resource
|b cr
|2 rdacarrier
|
| 500 |
|
|
|a Record is based on bibliographic data in ProQuest U.S. Congressional Research Digital Collection (last viewed June 2010). Reuse except for individual research requires license from ProQuest, LLC.
|
| 500 |
|
|
|a CRS Report.
|
| 520 |
|
|
|a Collects, enumerates, classifies, and tabulates all resolutions to approve or disapprove executive branch proposals that were introduced and acted upon from 1932 through 1983. Examines trends in the number and kinds of executive proposals that have been approved or disapproved by Congress using veto procedures. Includes tables.
|
| 500 |
|
|
|a Electronic resource.
|
| 650 |
|
0 |
|a Executive-legislative relations.
|
| 655 |
|
7 |
|a Electronic books.
|2 local
|
| 710 |
2 |
|
|a ProQuest (Firm)
|
| 776 |
0 |
8 |
|i Microfiche version:
|a Library of Congress. Congressional Research Service.
|t Usage of the Congressional Veto
|
| 830 |
|
0 |
|a U.S. Congressional Research.
|
| 856 |
4 |
0 |
|u http://proxy.library.tamu.edu/login?url=https://congressional.proquest.com/congcomp/getdoc?CRDC-ID=CRS-1984-GOV-0034
|z Connect to the full text of this electronic book
|t 0
|
| 999 |
|
|
|a MARS
|
| 999 |
f |
f |
|s e958401b-a6ab-331e-b3e2-d07a66d1f7ee
|i 20650d86-67aa-3370-a80b-e792dca909bc
|t 0
|
| 952 |
f |
f |
|a Texas A&M University
|b College Station
|c Electronic Resources
|s www_evans
|d Available Online
|t 0
|e CRS-1984-GOV-0034
|h Other scheme
|
| 998 |
f |
f |
|a CRS-1984-GOV-0034
|t 0
|l Available Online
|